Дневни щурчета (Запис номер 393260)
[ съкратено ]
| 000 -Лидер | |
|---|---|
| Контролно поле с фиксирана дължина | 01966nam a2200361 a 4500 |
| 003 - Код на организацията, давaща контролен номер | |
| Контролно поле | BLK |
| 005 - Дата и час на последна редакция | |
| Контролно поле | 20250712131624.0 |
| 008 - Елементи от данни с фиксирана дължина | |
| fixed length control field | 210301b bu |||||r|||| 00| | bu d |
| 020 ## - Международен стандартен номер на книга ISBN | |
| Международен стандартен номер на книга ISBN | 9786192400408 |
| 040 ## - Източник на каталожния запис | |
| Идентификатор на билиотеката - собственик на записа | BLK |
| 041 ## - Код за език | |
| Код за езика на текст/звукозапис или на отделно заглавие | Български |
| Код за езика КДБФ | Български |
| 080 ## - УДК | |
| Текстов определител УДК | Българска литература |
| УДК код - определител по УДК | 821.163.2 |
| УДК определител | -93-1 |
| УДК - код + определител | 821.163.2-93-1 |
| 100 ## - Редна дума - Автор | |
| Автор | Цанев, Иван |
| Дати, свързани с автора | 1941- |
| Автор - информация (биография) | Поет. Литературовед. Преводач от гръцки и унгарски език. |
| Пълна форма на името | Иванов, Иван Цанев |
| R(LIN) | 292602 |
| 139 ## - Редно поле | |
| Редна дума | Цанев, Иван |
| 245 ## - Сведения за заглавието | |
| Заглавие | Дневни щурчета |
| Подзаглавни данни | Избрани творби |
| Редно поле (дума) | Иван Цанев ; ил. Иван Димов и др. |
| 257 ## - Страна на издаване | |
| Страна на създаване/издаване | България |
| 260 ## - Област на издателските данни | |
| 9 (RLIN) | 209558 |
| Място на издаване, разпространение и проч. | София |
| Име на издателя, разпространителя и проч. | ПАН |
| Година на издаване | 2020 |
| Печатница | София : Циан |
| 300 ## - Физическа характеристика | |
| Размери/Мащаб | 20 см |
| Страници | 104 с. |
| Илюстрации и др. | с ил. |
| 380 ## - Жанр | |
| Жанр | Детска худож. лит. |
| 490 ## - СЕРИИ (Колекции) | |
| 9 (RLIN) | 206743 |
| Име на серия | Българска класика за деца |
| 500 ## - Общи забележки | |
| Забележка | Пълната форма на името на авт. Иван Цанев е Иван Цанев Иванов, на ил. Иван Димов - Иван Димов Иванов, на авт. на доп. материал Светлана Стойчева - Светлана Стойчева Андерсон. - Други ил.: Олга Паскалева, Тоня Горанова<br/>. - Биогр. данни за авт. отбелязани на гърба на кор. |
| 505 ## - Форматирана забележка | |
| Авторската отговорност | авт. на доп. материал Светлана Стойчева |
| Заглавие | Детски поет или поет за деца е Иван Цанев? |
| 700 ## - Други автори (авторска отговорност) | |
| Лично име | Паскалева, Олга Венелинова |
| 9 (RLIN) | 470131 |
| 700 ## - Други автори (авторска отговорност) | |
| 9 (RLIN) | 599 |
| Лично име | Горанова, Тоня Рускова |
| Автороска отговорност (Описва отношението между автора и произведението) | ил. |
| 852 ## - Местоположение | |
| Форматна сигнатура | Цб 306183 |
| Фондова буква | Хранилище |
| 852 ## - Местоположение | |
| Форматна сигнатура | К 821.163.2/Ц 16 И |
| Фондова буква | Хранилище |
| 999 ## - СИСТЕМНИ КОНТРОЛНИ НОМЕРА | |
| Koha biblionumber | 393260 |
| Koha biblioitemnumber | 393260 |
| 942 ## - АРТИКУЛИ | |
| Вид на библиотечния материал | Книги |
| Скрит в OPAC | Не |
| Периодичен библиозапис | Да |
| Koha issues (borrowed), all copies | 4 |
| 944 ## - СЪЗДАВАНЕ И РЕДАКЦИЯ на ЗАПИСА | |
| Създаване/Редакция | Създаване |
| Служител, извършил регистрацията/редакцията | 30546 |
| Статус, дата на статуса | Ренета Константинова |
| 999 ## - СИСТЕМНИ КОНТРОЛНИ НОМЕРА | |
| Koha biblioitemnumber | 393260 |
| 999 ## - СИСТЕМНИ КОНТРОЛНИ НОМЕРА | |
| Koha biblioitemnumber | 393260 |
| 999 ## - СИСТЕМНИ КОНТРОЛНИ НОМЕРА | |
| Koha biblioitemnumber | 393260 |
| 999 ## - СИСТЕМНИ КОНТРОЛНИ НОМЕРА | |
| Koha biblioitemnumber | 393260 |
| Код за отписване | Код за изгубен артикул | Източник на класификационната схема | Код за повреда | Коз за рестрикции | Код за отдаване | Артикулен № | Име на библиотеката - собственик | Име на библиотеката, в която се намира в момента | Статус (Текущо местоположение) | Дата на вписване в системата | Местоположение - отдел | Цена в лева | Систематично азбучна сигнатура | Баркод | Цена в евро | Служебен тип на артикула |
|---|---|---|---|---|---|---|---|---|---|---|---|---|---|---|---|---|
| Не е изгубен | Universal Decimal Classification | Не е повреден | само за читалня | ползва се в читалня | 813902 | Регионална библиотека "Любен Каравелов" Русе | Регионална библиотека "Любен Каравелов" Русе | Хранилище | 2021-03-02 | Хранилище | 5.90 | Цб 306183 | 120000851340 | 3.02 | Книги | |
| Не е изгубен | Universal Decimal Classification | Не е повреден | само за читалня | ползва се в читалня | 837032 | Регионална библиотека "Любен Каравелов" Русе | Регионална библиотека "Любен Каравелов" Русе | Краезнание | 2021-06-16 | Краезнание | 5.90 | К 821.163.2/Ц 16 И | 120000856554 | 3.02 | Книги | |
| Не е изгубен | Universal Decimal Classification | Не е повреден | без рестрикции | заемане за дома | 837324 | Регионална библиотека "Любен Каравелов" Русе | Регионална библиотека "Любен Каравелов" Русе | Детски отдел | 2021-06-16 | Детски отдел | 5.90 | 821.163.2-93/Ц 16 | 120000856677 | 3.02 | Книги |